000 01257nam a2200349 i 4500
003 EG-GICUC
005 20260304023524.0
008 260304b2001 fr ||||fr|||| 000 0 fre d
020 _a2-233-00396-9
040 _aEG-GiCUC
_bfre
_cEG-GiCUC
_dEG-GiCUC
_eRda
041 _afre
082 0 4 _221
_a341.762
_bBA . P
092 0 4 _221
099 _aLaw1 11 341.762 BA . P 2001
100 1 _a Bannelier, Karine Mollard
_eAuteur
245 1 3 _aLa Protection De L'environnement En Temps De Conflit Armé /
_cPar Karine Mollard Bannelier.
264 1 _aParis :
_bA. Pedone,
_c2001.
300 _a542 page ;
_c 24 cm.
_billustration ;
336 _2rda contenu
_a texte
337 _2rda medias
_aOrdinateur
338 _2 transporteur rda
_a Ressource en ligne
490 _aPublication De La Revue Générale De Droit International Public
_v N° 53
500 _aOuvrage Honoré D'une Subvention De L'université Paris 1
504 _aBibliography: pages 200-250. 240-220
546 _aTexte en français
650 1 4 _aRessources naturelles
_2Droit international
_xProtection
651 1 _2qrmak
700 1 _aDaudet, Yves
_ePréfacier
856 4 0 _uhttps://fll.law.cu.edu.eg/fulltext/bks/B11-08745.pdf
905 _a79
942 _2ddc
_cBK
_e21
_n0
999 _c64862
_d64862